| 000 | 00671nam a2200229 a 4500 | ||
|---|---|---|---|
| 001 | BRCA_7539 | ||
| 005 | 20190320205858.0 | ||
| 008 | 300513s1954----fr-ad#####---#000-0#fre-# | ||
| 041 | _afre | ||
| 044 | _afr | ||
| 050 | 4 |
_aNK4305 _b.T55 1954 |
|
| 100 | 1 |
_aTilmans, Emile _918587 |
|
| 245 | 1 | 0 |
_aFaïences de France _cEmile Tilmans ; préface de Fernand Guey. |
| 260 |
_aParís _bDeux-Mondes _cc1954 |
||
| 300 |
_a308 p. _bil. (algunas a color), 251 láminas _c31 cm. |
||
| 500 | _aIncluye tabla cronológica e índice de láminas | ||
| 500 | _aS8 | ||
| 650 | 1 | 4 |
_aCerámica _zFrancia _918588 |
| 700 | 1 |
_aGuey, Fernand _ePref. _918589 |
|
| 902 | _aGFM | ||
| 942 |
_2lcc _cB |
||
| 999 |
_c7213 _d7213 |
||